000 00539cam a22001337a 4500
008 180718b1970 xxu||||| |||| 00| 0 eng d
082 _aKx747 Un42p
245 _aPersonnel management information for New York City Agency heads
_cby Department of Personnel, Civil Service Commission, United Nations
260 _aNew York
_bDepartment of Personnel
_c1970
300 _a19p.
500 _aChairman: Harry I. Bronstein
700 _aUnited Nations. Civisl Service Commission. Department of Personnel
700 _aBronstein, Harry I. (Chairman)
999 _c490744
_d490744